00717nam a2200253 a 4500001001300000003000900013005001700022008004100039020001000080082001300090100002200103245002200125260004400147300000900191500003500200505002000235650001900255650002100274700002200295902000800317942000700325952011400332999001700446nice12345678IN_TiNIC20260116013705.0050524s1996 lona grp 000 0 eng  ac55000a294bMAL aMalamoud, Charles aCooking the World aLondan bOxford University Press c1996 a354p aincludes index and biblioraphy2 aGlossary, Index aIndia-Religion aHinduism-Rituals1 aMalamoud, Charles bSRS cBK 001040708StackRoom-aHMIbHMId2007-07-20g550.00l0o294 MALp017297r2007-07-20v550.00w2005-05-24yBK c11985d11985